MARC

LEADER 00000nam0a2200000 4500
001 156401
005 20231031153120.0
035 |a (RuTPU)RU\TPU\book\169641 
090 |a 156401 
100 |a 20090326d1961 m y0rusy50 ca 
101 0 |a rus 
102 |a RU 
105 |a a j 001zy 
200 1 |a Химическая термодинамика. (Избранные главы для пирометаллургов)  |e учебное пособие для вузов  |f А. Н. Крестовников, В. Н. Вигдорович 
210 |a Москва  |c Металлургиздат  |d 1961 
215 |a 280 с.  |c ил. 
320 |a Библиогр.: с. 276-280. 
610 1 |a химия 
610 1 |a химическая термодинамика 
610 1 |a пирометаллургия 
610 1 |a пирометаллургические процессы 
610 1 |a химическое равновесие 
610 1 |a термохимия 
610 1 |a второе начало термодинамики 
610 1 |a термохимические расчеты 
610 1 |a фазовое равновесие 
610 1 |a двухкомпонентные системы 
610 1 |a трехкомпонентные системы 
610 1 |a геометрическая термодинамика 
610 1 |a учебные пособия 
675 |a 544.3(075.8)  |v 3 
700 1 |a Крестовников  |b А. Н.  |g Александр Николаевич 
701 1 |a Вигдорович  |b В. Н.  |g Виленин Наумович 
801 1 |a RU  |b 63413507  |c 20090326  |g PSBO 
801 2 |a RU  |b 63413507  |c 20210531  |g RCR 
942 |c BK